000 00709nam a2200289Ia 4500
005 20260324121238.0
008 008 260324s9999 xx 000 0 eng d
020 _a9780429256981
037 _aEBOOK
040 _aCRL
040 _beng
040 _cCRL
041 _2eng
041 _aeng
084 _qCRL
100 _aFrederick Parker
_91161765
245 0 _aStrategy + Teamwork = Great Products
245 0 _bManagement Techniques for Manufacturing Companies
260 _bTaylor and Francis
260 _c2014
365 _a
365 _b55.99
856 _uhttp://www.taylorfrancis.com/books/9780429256981
942 _cEBOOK
999 _c1753743
_d1753743